Представление документа в формате RUSMARC

ПолеНазваниеЗначение
  Тип записи a
  Библиографический уровень m
001 Контрольный номер 1d853dd5f1b64efebebc36765c95ff77
005 Дата корректировки 20140527133049.5
010 Индекс ISBN __
a ISBN 978-5-394-01192-4
101 Язык документа 0_
a Язык текста rus
102 Страна публикации __
a Страна публикации RU
200 Заглавие и сведения об ответственности 1_
a Заглавие Бюджетирование и контроль затрат в организации
e Сведения, относящиеся к заглавию учеб.-практ. пособие
f Первые сведения об ответственности А. П. Виткалова, Д. П. Миллер
210 Выходные данные 1_
c Издательство Дашков и К
a Место издания М.
d Дата издания 2011
215 Физическое описание __
a Объем 123, [2] с.
607 Географические рубрики __
a Географическое наименование филиал
b Энгельс
610 Ключевые слова 0_
a Ключевые слова бюджетирование
610 Ключевые слова 0_
a Ключевые слова контроль затрат
610 Ключевые слова 0_
a Ключевые слова виды бюджетов
610 Ключевые слова 0_
a Ключевые слова финансовый контроль
610 Ключевые слова 0_
a Ключевые слова финансовая отчетность
610 Ключевые слова 0_
a Ключевые слова учебно-практическое пособие
686 Индексы других классификаций __
a Классификационный индекс 65.052.9(2)206я73
2 Код системы rubbk
700 Автор _1
a Фамилия Виткалова
b Имя А. П.
g Полное личное имя Алла Петровна
701 Альтернативная интеллектуальная ответственность _1
a Фамилия Миллер
b Имя Д. П.
g Полное личное имя Дина Петровна
801 Источник записи _0
a Страна RU
b Организация РУК
c Дата составления 20110628
g Правила каталогизации PSBO
801 Источник записи _1
a Страна RU
b Организация РУК
c Дата составления 20110628
g Правила каталогизации PSBO
852 Данные о местонахождении __
j Шифр хранения ББК 65.052
i Авторский знак В 54
901 Тип документа __
t Тип документа m
938 Служебная информация __
a Название организации Головной вуз
b Имя БД BOOK
c Название АИБС АИБС ИРБИС